Dear hubby, about your retirement : a guide for staying at home (Record no. 145599)

MARC details
000 -LEADER
fixed length control field 00673nam a2200217Ia 4500
008 - FIXED-LENGTH DATA ELEMENTS--GENERAL INFORMATION
fixed length control field 191130s2002##################000#0#eng##
020 ## - INTERNATIONAL STANDARD BOOK NUMBER
ISBN 9780684851969
082 ## - DEWEY DECIMAL CLASSIFICATION NUMBER
Classification number 305.26 ROB
100 ## - MAIN ENTRY--AUTHOR NAME
Personal name Robison, Nancy
245 ## - TITLE STATEMENT
Title Dear hubby, about your retirement : a guide for staying at home
Statement of responsibility, etc Nancy Robison
260 ## - PUBLICATION, DISTRIBUTION, ETC. (IMPRINT)
Place of publication New York
Name of publisher Simon & Schuster
Year of publication c2002
300 ## - PHYSICAL DESCRIPTION
Number of Pages 82 p. : ill. ; 19 cm
650 ## - SUBJECT ADDED ENTRY--TOPICAL TERM
Topical Term Husbands - United States
Topical Term Retirees - United States - Life skills guides
Topical Term Retirement - United States
991 ## -
-- 342411
Holdings
Withdrawn status Lost status Damaged status Not for loan Home library Current library Date acquired Full call number Accession Number Price effective from Koha item type
        Anna Centenary Library Anna Centenary Library 12.10.2020 305.26 ROB 459112 12.10.2020 English Books

Find us on the map